| 000 | 00531nam a2200181 a 4500 | ||
|---|---|---|---|
| 001 | 1841 | ||
| 003 | CDMR | ||
| 005 | 20130304173002.0 | ||
| 008 | 130130s1991||||||||||||||||||||||||||||d | ||
| 020 | _a8486377765 | ||
| 040 |
_aCDMR _bcat _cCPC GIRONA |
||
| 100 |
_91375 _aComa, Miquel |
||
| 245 | 1 | 0 |
_aL'estany de Banyoles _cMiquel Coma i Vila, Joan Gratacós i Guillén _b: natura i home |
| 260 |
_bDiputació de Girona _a[Girona] |
||
| 260 |
_bCaixa Girona _a1991 |
||
| 490 | 0 |
_aQuaderns de la Revista de Girona _v32 |
|
| 942 |
_cMON _2ddc |
||
| 999 |
_c1841 _d1841 |
||